| 000 | 00579nam a2200217 a 4500 | ||
|---|---|---|---|
| 005 | 20140310183239.0 | ||
| 008 | 040630s19uu xx 00 eng d | ||
| 020 | _a0323020097 | ||
| 050 |
_aRM 216 _b.G946 2004 |
||
| 100 | _aGrodner, Michele | ||
| 245 |
_aFoundations and clinical applications of nutrition: _ba nursing approach. |
||
| 250 | _a3rd. | ||
| 260 |
_aU.S.A : _bMosby, _c2005. |
||
| 300 |
_a884 p. : _bill. ; _c26 cm. |
||
| 521 | _aNUR | ||
| 650 | _aNutrition. | ||
| 700 | _aLong, Sara | ||
| 700 | _aDeYoung, Sandra | ||
| 942 |
_cBK _2lcc _kFOR |
||
| 999 |
_c20584 _d20584 |
||